| 000 | 00358nam a22001337a 4500 | ||
|---|---|---|---|
| 003 | SGT | ||
| 082 |
_a614 _bMEE |
||
| 100 | _aMEENAKSHI | ||
| 245 | _aA COMPREHENSIVE STUDY OF HOUSEHOLD ANS AGRICULTURAL PESTICIDES WITH FORENSIC ASPECTS IN HARYANA | ||
| 260 |
_aSGT UNIVERSITY _bFOSC _c2023 |
||
| 300 | _a111 | ||
| 650 | _aFORENSIC SCIENCE | ||
| 942 |
_2ddc _cTH |
||
| 999 |
_c33244 _d33244 |
||